| 000 | 00449pab a2200145 454500 | ||
|---|---|---|---|
| 008 | 180718b1985 xxu||||| |||| 00| 0 eng d | ||
| 100 | _aVan Schendel, Willem | ||
| 245 |
_a`Madmen' of Mymensigh _bPeasant resistance and the colonial process in Eastern India, 1824 to 1833 |
||
| 260 | _c1985 | ||
| 300 | _a139-73 | ||
| 362 | _aApr.-June | ||
| 650 | _aColonial Government - India | ||
| 773 | _aIndian Economic and Social History Review | ||
| 909 | _a6064 | ||
| 999 |
_c6064 _d6064 |
||